000 01047cad a22002415a 4500
001 L156682
008 120622s2012 xxk 000 0 eng d
035 _a(Sirsi) u156682
041 0 _aeng
110 2 _aDTZ
245 0 0 _aDTZ Occupiers perspective
_bthe European insurance sector 2012
260 _aLondon
_bDTZ
_c2012
490 0 _aDTZ Occupiers Perspective
_vJune 2012
520 _aProvides an overview of the European insurance sector, looking at premium income and major players, considers the impacts of Solvency II on insurance companies and looks at the implications on demand for office space from insurers.
520 _aSector overview -- M & A under Solvency II -- impact on property -- UK -- France -- Germany.
590 _aKA NTK
651 4 _aUnited Kingdom
651 4 _aFrance
651 4 _aGermany
690 _aCommercial property
_96227
856 4 0 _uhttps://www.dtz.com/Global/Research/DTZ+Occupier+Perspective+European+Insurance+Sector+2012
_zView the report after free registration at www.dtz.com
942 _n0
999 _c84117
_d84117